USMC ranks - Statistics

General Stats
  • This quiz has been taken 1,555 times
    1,553 since last reset
  • The average score is 17 of 22
Answer Stats
Hint Answer % Correct
E-1 Private
99%
E-4 Corporal
94%
E-2 Private First Class
94%
E-5 Sergeant
93%
O-10 General
88%
O-4 Major
86%
O-3 Captain
85%
O-6 Colonel
82%
E-6 Staff Sergeant
81%
E-3 Lance Corporal
79%
E-9 Sergeant Major
77%
O-8 Major General
76%
E-7 Gunnery Sergeant
75%
O-2 First Lieutenant
74%
O-1 Second Lieutenant
74%
O-7 Brigadier General
73%
O-5 Lieutenant Colonel
73%
O-9 Lieutenant General
73%
E-8 Master Sergeant
73%
E-8 First Sergeant
70%
E-9 Master Gunnery Sergeant
49%
E-9 Sergeant Major of the Marine Corps
48%
No matching quizzes found
Score Distribution
Percent of People with Each Score
Percentile by Number Answered
Your Score History
You have not taken this quiz since the last reset